[Event "Nuremberg Zabo op 06th"]
[Site "Nuremberg"]
[Date "2004.09.24"]
[Round "1"]
[White "Pauer, Gerd"]
[Black "Werner, Thomas1111"]
[Result "0-1"]
[WhiteElo "1171"]
[BlackElo "1839"]
[PlyCount "84"]
[EventDate "2004.09.24"]
[EventType "swiss"]
[EventRounds "5"]
[EventCountry "GER"]
[SourceTitle "EXT 2012"]
[Source "ChessBase"]
[SourceDate "2011.11.24"]
[SourceVersion "1"]
[SourceVersionDate "2011.11.24"]
[SourceQuality "1"]

1. d4 d5 2. Nc3 Bf5 3. Bf4 c6 4. Nf3 e6 5. e3 Bd6 6. Bxd6 Qxd6 7. Bd3 Nf6 8. Bxf5 exf5 9. Ne5 Nbd7 10. Nxd7 Qxd7 11. Qf3 Ne4 12. Nxe4 fxe4 13. Qg3 0-0 14. 0-0 f5 15. f3 Rae8 16. Rf2 Qd8 17. Raf1 f4 18. exf4 e3 19. Re2 Qf6 20. c3 c5 21. dxc5 d4 22. cxd4 Qxd4 23. Qg5 h6 24. Qh5 Re7 25. Rfe1 Rc8 26. Qh4 Qxc5 27. b4 Qxb4 28. Rxe3 Rxe3 29. Rxe3 Qb1+ 30. Kf2 Qxa2+ 31. Kg3 Qc2 32. Qe7 Qg6+ 33. Kf2 Qf7 34. Qxf7+ Kxf7 35. Rd3 Rc7 36. Kg3 b5 37. Rb3 Rb7 38. f5 b4 39. Kf4 a5 40. Ke3 a4 41. Rb1 a3 42. Kd2 a2 0-1

[Event "Nuremberg Zabo op 04th"]
[Site "Nuremberg"]
[Date "2002.09.28"]
[Round "3"]
[White "Zaudtke, Friedrich Wilhelm"]
[Black "Pauer, Gerd"]
[Result "1-0"]
[WhiteElo "1458"]
[BlackElo "1171"]
[PlyCount "81"]
[EventDate "2002.09.27"]
[EventType "swiss"]
[EventRounds "5"]
[EventCountry "GER"]
[SourceTitle "EXT 2003"]
[Source "ChessBase"]
[SourceDate "2002.11.25"]
[SourceVersion "1"]
[SourceVersionDate "2002.11.25"]
[SourceQuality "1"]

1. d4 d5 2. c4 b6 3. Nc3 Nf6 4. Nf3 e6 5. Bg5 Nbd7 6. e3 Be7 7. Bd3 h6 8. Bh4 dxc4 9. Bxc4 0-0 10. 0-0 c5 11. Rc1 Rb8 12. Bg3 Bb7 13. Bxb8 Qxb8 14. Re1 Bd6 15. g3 Qa8 16. Be2 Nd5 17. Nb5 Bb8 18. dxc5 Nxc5 19. a3 Ne4 20. Nd2 Ng5 21. e4 Nf6 22. f3 e5 23. Nc7 Bxc7 24. Rxc7 Qb8 25. Qc2 Ne6 26. Rc3 Nd4 27. Qd1 Nxe2+ 28. Qxe2 Bc8 29. Rec1 Be6 30. Nf1 a5 31. Qc2 b5 32. Rc5 a4 33. Qc3 Qb6 34. Kg2 Bc4 35. Rxe5 Qb8 36. Ne3 Nd7 37. Nxc4 bxc4 38. Rd5 Nf6 39. Rc5 Qa8 40. Rxc4 Nd7 41. Rc8 1-0

[Event "Nuremberg Zabo op 03rd"]
[Site "Nuremberg"]
[Date "2001.09.23"]
[Round "4"]
[White "Venus, Verena"]
[Black "Pauer, Gerd"]
[Result "1-0"]
[WhiteElo "1383"]
[BlackElo "1242"]
[PlyCount "59"]
[EventDate "2001.09.21"]
[EventType "swiss"]
[EventRounds "5"]
[EventCountry "GER"]
[SourceTitle "EXT 2003"]
[Source "ChessBase"]
[SourceDate "2002.11.25"]
[SourceVersion "1"]
[SourceVersionDate "2002.11.25"]
[SourceQuality "1"]

1. e4 Nc6 2. d4 e5 3. d5 Nd4 4. c3 Nf6 5. cxd4 exd4 6. Qxd4 d6 7. Bb5+ Bd7 8. Nc3 Be7 9. Nf3 h6 10. 0-0 0-0 11. Bf4 a6 12. Bxd7 Qxd7 13. Rfe1 c5 14. dxc6 bxc6 15. Rad1 Rad8 16. e5 dxe5 17. Bxe5 Qxd4 18. Nxd4 c5 19. Nc6 Rde8 20. h3 Kh8 21. Nxe7 Rxe7 22. Bxf6 Rxe1+ 23. Rxe1 gxf6 24. Nd5 Kg7 25. Rc1 Rc8 26. Rc4 Rc6 27. Ne7 Rc7 28. Nf5+ Kg6 29. g4 Rc6 30. Ne7+ 1-0

[Event "Nuremberg Zabo op 03rd"]
[Site "Nuremberg"]
[Date "2001.09.22"]
[Round "2"]
[White "Landleiter, Franz"]
[Black "Pauer, Gerd"]
[Result "1/2-1/2"]
[WhiteElo "1630"]
[BlackElo "1242"]
[PlyCount "52"]
[EventDate "2001.09.21"]
[EventType "swiss"]
[EventRounds "5"]
[EventCountry "GER"]
[SourceTitle "EXT 2003"]
[Source "ChessBase"]
[SourceDate "2002.11.25"]
[SourceVersion "1"]
[SourceVersionDate "2002.11.25"]
[SourceQuality "1"]

1. e4 e5 2. f4 Nf6 3. fxe5 Nxe4 4. Nf3 Bc5 5. d4 Bb6 6. Bd3 d5 7. 0-0 Bg4 8. c3 Qd7 9. Qc2 Nc6 10. Bxe4 dxe4 11. Qxe4 0-0-0 12. Na3 f6 13. Nc4 Bxf3 14. Nxb6+ cxb6 15. Rxf3 fxe5 16. Bg5 exd4 17. Bxd8 Qxd8 18. Rd1 g6 19. cxd4 Re8 20. Qc2 Kb8 21. Qd2 Ka8 22. Rf7 Re4 23. Rxh7 Rxd4 24. Qxd4 Nxd4 25. Kh1 Qg8 26. Rxd4 a6 1/2-1/2